zpět

Detail výsledku týmu

Tiebreak - Štvanice, Praha

Datum a čas kvízu

24 Celkem bodů Celkový počet nahraných bodů na tomto kvízu bez doplňovacích otázek.
7. Pořadí na kvízu Konečné umístění týmu na tomto kvízu.

Zaznamenané odpovědi

# Otázka Odpověď Body Výsledky
1. Na české území se po více než... Jan Žižka 0
2. Radní nizozemského města Haag... C) reklama na cokoli souvisejícího s fosilními palivy 0
3. Jedna 80letá žena se rozhodla... z Jižní Koreje 1
4. Skupina TCF Capital podnikate... Pilulka 0
5. Který muž vstoupil do sezóny j... Radko Gudas 0
6. Evropský den jazyků se slaví k... 1B 2C 3A 4D 0
7. Kašubština patří mezi jazyky: C 0
8. Sedila, tedy háček pod písmene... C 1
9. Přejdeme k literatuře. Doplňte... Ivana Děnisoviče 1
10. Kterým slovem na pět písmen se... Banát 1